| 000 | 00636nam a2200205 a 4500 | ||
|---|---|---|---|
| 001 | BRCA_1096 | ||
| 005 | 20190320203257.0 | ||
| 008 | 010329s2000 mx-a---##b---#000-0#spa-# | ||
| 020 | _a9685205051 | ||
| 040 |
_aDLC _cDLC |
||
| 050 | 4 |
_aN5202.M4 _b.F47 2000 |
|
| 100 | 1 |
_aFernández, Miguel Ángel _93605 |
|
| 245 | 1 | 0 |
_aColeccionismo en México _cMiguel Ángel Fernández |
| 260 |
_aMonterrey _bMuseo del Vidrio _c2000 |
||
| 300 |
_a286 p. _bil. (algunas a color) _c30 cm. |
||
| 504 | _aBibliografía: p. 285-286 | ||
| 650 | 1 | 4 |
_aColeccionistas y colecciones _xHistoria _zMéxico _93606 |
| 710 | 2 |
_aMuseo del Vidrio _93607 |
|
| 942 |
_2lcc _cB |
||
| 999 |
_c975 _d975 |
||